| 000 | 00483nam a2200157 a 4500 | ||
|---|---|---|---|
| 008 | 120416s0000 ||||||||||||||||| || u | ||
| 020 | _a055211944X | ||
| 050 | _aPR 6061 Kah | ||
| 100 | _aKaha, Evelyn | ||
| 245 | 1 | 4 | _aThe wayward winds |
| 246 | _aEvelyn Kahn | ||
| 260 |
_aLondon _bTransworld Publishers _c1981 |
||
| 300 | _a442p. | ||
| 350 | _a0.00 | ||
| 995 |
_D0.00 _FCBU-MAIN LIBRARY (Kitwe) _H1 _I1.95 _M1 _ULOST _ZFiction Collection |
||
| 999 |
_c61542 _d61542 |
||